Logos with Crowns Quiz Stats

Quiz Updated Jul 7, 2016

Also try: Fashion Logos
Challenge
Share
Tweet
Score 0/12 Timer 04:00
10 Plays Today
% Correct
Starbucks
97.4%
Corona
88%
Los Angeles Kings
70.8%
Kansas City Royals
64.6%
Rolex
59.4%
Real Madrid
48.8%
Crown Royal
47.8%
Saab
46.2%
Hallmark
28.3%
Premier League
20.3%
KLM
18.1%
Ritz Carlton
7.5%

You're not logged in!

Compare scores with friends on all Sporcle quizzes.
Join for Free
OR
Log In

You Might Also Like...

Show Comments

Extras

Top Quizzes Today


Score Distribution

Your Account Isn't Verified!

In order to create a playlist on Sporcle, you need to verify the email address you used during registration. Go to your Sporcle Settings to finish the process.

Report this User

Report this user for behavior that violates our Community Guidelines.

Details: